000
00217nam a22000857a 4500
008
160630b xxu||||| |||| 00| 0 eng d
100
_9
1506
_a
Thani, V
245
_a
Cricket Skills & Rules
260
_a
N.D
_b
Khel Sahitya
_c
2005
999
_c
1241
_d
1241